Widok standardowy
Widok MARC
Pozycja Corporate Name
Liczba rekordów, w których użyto hasła: 1
001 - Numer kontrolny
- control field: 39456
003 - Identyfikator numeru kontrolnego
- control field: NUKAT
005 - Data i czas ostatniej modyfikacji
- control field: 20260402131517.0
008 - Dane kontrolne kodowane (40 znaków)
- fixed length control field: 140605n||a|znnaabn |a ana |c
010 ## - Numer kontrolny Biblioteki Kongresu
- numer kontrolny LC: n 2014063318
024 7# - OTHER STANDARD IDENTIFIER
- Standard number or code: 311783022
- Source of number or code: viaf
040 ## - Instytucja sporządzająca rekord
- inst. przygot. dane do rek. khw: KR 295/MO
- język haseł przedmiotowych/tezaurus: kaba
- inst. wprow. rek. khw: KR 295/MOs
- inst. modyf. rek. khw: WA U/KSZ
043 ## - Kod obszaru geograficznego
- ISO code: PL
046 ## - Special dates
- Establishment date: 1992
110 2# - Hasło - nazwa ciała zbiorowego
- nazwa ciała zbior. lub geogr. na pocz.: Archiwum Archidiecezjalne (Katowice).
368 ## - Other Attributes
- Corp type: Archiwa kościelne.
370 ## - Associated place
- Country: Polska.
370 ## - Associated place
- Residence/HQ: Katowice (Polska).
377 ## - Assoc lang
- Lang code: pol
- Lang code: lat
410 2# - Trop zob. - nazwa ciała zbiorowego
- nazwa ciała zbior. lub geogr. na pocz.: Archiwum Archidiecezjalne w Katowicach.
410 2# - Trop zob. - nazwa ciała zbiorowego
- nazwa ciała zbior. lub geogr. na pocz.: Archiv der Erzdiözese Katowice.
410 2# - Trop zob. - nazwa ciała zbiorowego
- nazwa ciała zbior. lub geogr. na pocz.: Archdiocese Archives in Katowice.
510 2# - Trop zob. też - nazwa ciała zbiorowego
- podpole kontrolne: a
- nazwa ciała zbior. lub geogr. na pocz.: Archiwum Diecezjalne (Katowice).
665 ## - Nota historyczna
- nota historyczna: Archiwum Diecezjalne w Katowicach powst. w 1922, od 1992 Archiwum Archidiecezjalne.
670 ## - Źródło informacji
- źródło informacji: Archiwum Archidiecezjalne w Katowicach, 5.06.2014
- adres internetowy: http://archiwum.archidiecezja.katowice.pl/pl/